| 000 | 00708cam a22001451 4500 | ||
|---|---|---|---|
| 082 |
_a950 _bSTE |
||
| 100 | 1 |
_aStein, Aurel, _946783 |
|
| 245 | 1 | 0 |
_aRuins of desert Cathay; _bpersonal narrative of explorations in Central Asia and westernmost China, _cby M. Aurel Stein ... |
| 260 |
_aLondon, _bMacmillan and co., limited, _c1912. |
||
| 300 |
_a2 v. _bcol. fronts., plates (part col., part fold.) ports., fold. maps. _c25 cm. |
||
| 500 | _a"Record of the archaeological and geographical explorations ... during the years 1906-1908 ... carried out under the orders of the Government of India." | ||
| 526 |
_a0 _b0 _c0 _d950_000000000000000_STE |
||
| 710 | 2 |
_aArchaeological Survey of India _950291 |
|
| 942 |
_2ddc _cBK |
||
| 999 |
_c553015 _d553015 |
||